000 04438nas1a22006011i 4500
001 RU\NLR\INFOCOMM31\5000012413
005 20241118104650.0
035 _a(NLR Aleph) 002342711
090 _a4487759
_c4487759
100 _a20041102c1886 |||y0rusy50 ca
101 0 _arus
102 _aRU
110 _aayuzz 0|y|
200 1 _aСибирский сборник
_eНауч.-лит. периодич. изд.
_eПрил. к "Восточному обозрению"
207 1 _aГ.[1]-[19]
210 _aСПб.
_d1886-1904
325 1 _aВоспроизведен микрофильм. 1893, вып. 1-2; 1894, вып. 1-7; 1895, вып. 1-4. РНБ Репрография: Санкт-Петербург, 2003. Негатив: 524 кадра; микрофильм рулонный; 35мм; монохромный; основа безопасная; эмульсия галогеносеребряная; основная страховая копия.
325 1 _aВоспроизведен микрофильм. 1896, вып. 1-4; 1897, вып. 1/2, 3-4. РНБ Репрография: Санкт-Петербург, 2003. Негатив: 460 кадров; микрофильм рулонный; 35мм; монохромный; основа безопасная; эмульсия галогеносеребряная; основная страховая копия.
325 1 _aВоспроизведен микрофильм. 1898, вып. 1; 1899, вып. 1-2; 1900, вып. 1-2. РНБ Репрография: Санкт-Петербург, 2003. Негатив: 433 кадра; микрофильм рулонный; 35мм; монохромный; основа безопасная; эмульсия галогеносеребряная; основная страховая копия.
325 1 _aВоспроизведен микрофильм. 1901, вып. 1; 1902, вып. 1; 1903, вып. 1; 1904, вып. 1. РНБ Репрография: Санкт-Петербург, 2003. Негатив: 467 кадров; микрофильм рулонный; 35мм; монохромный; основа безопасная; эмульсия галогеносеребряная; основная страховая копия.
422 0 _12001#$aВосточное обозрение
_tВосточное обозрение
801 1 _aRU
_bInfoComm
_c20041102
801 0 _aRU
_bNLR
_gPSBO
852 _aNLR
_j1/393
852 _aNLR
_bМф
_jП1/9366
942 _cJOURNAL
980 _aRUSPER